000 00704nam a2200241Ia 4500
003 OSt
005 20221005115305.0
006 a|||||r|||| 00| 0
007 ta
008 221004b |||||||| |||| 00| 0 eng d
024 _a26867
037 _cTextual
040 _aCRL
_cCRL
_beng
041 _2eng
_aeng
082 _a12:315, K42.2
100 _aJinavijaya Ed
245 0 _aCatalogue of Sanskrit and Prakrit manuscript in the Rajasthan oriental research Institute
_b Jodhpur collection Pt 2 (A)
260 _c1964
490 _a(Rajasthan puratana granthamala,77)
650 _aBIBLIOGRAPHY
942 _h12:315, K42.2
_cTEXL
_2cc
999 _c1034019
_d1034019